Nový obrázkový kalendár rodinný

Bibliographic Details
Format: Serial
Language:English
Published: Budapešť J. Steinbrener

MARC

LEADER 00000nas a2200000 a 4500
001 vtls010130546
003 SK-MaSNL
005 20260221121424.0
008 100909c mr1 0 0eng d
040 |a SNK  |b slo  |c SNK 
245 0 0 |a Nový obrázkový kalendár rodinný 
260 |a Budapešť  |b J. Steinbrener 
500 |a Popis podľa: Roč. ...; č. ...; Rok 1918 ... 
910 |a snk 
999 |c 7687  |d 9617 
952 |0 0  |1 0  |4 0  |7 0  |8 5  |a SNK  |b SNK  |d 2010-09-09  |i snkF 710/35  |l 0  |o snkČSC 985/1918  |p 17A0668990  |r 2026-02-21 19:55:05  |w 2026-02-21  |y PREZ